Highly filled thermoplastic elastomers from ground tire rubber, maleated polyethylene and high density polyethylene (Record no. 60425)

MARC details
000 -LEADER
fixed length control field 01795nam a2200205Ia 4500
100 ## - MAIN ENTRY--AUTHOR NAME
Personal name Kakroodi AR
245 #0 - TITLE STATEMENT
Title Highly filled thermoplastic elastomers from ground tire rubber, maleated polyethylene and high density polyethylene
260 ## - PUBLICATION, DISTRIBUTION, ETC. (IMPRINT)
Name of publisher Plastics, Rubber and Composites Macromolecular Engineering
Year of publication 2013
300 ## - PHYSICAL DESCRIPTION
Number of Pages 115-122
520 ## - SUMMARY, ETC.
Summary, etc In this work, maleated polyethylene (MAPE) is proposed as a matrix to produce thermoplastic elastomers based on ground tire rubber (GTR) with a focus on high GTR contents (50-90 wt-;). The compounds were also compared with thermoplastic elastomers based on high density polyethylene (HDPE) as the matrix. Scanning electron microscopy images revealed high compatibility and very good interfacial adhesion between the MAPE matrix and rubber particles. Samples in the range of 50-70;of GTR in MAPE showed very good tensile elongation at break and tensile strength, while the properties decreased for samples at higher GTR content. The elasticity of the thermoplastic elastomers was also investigated via compression set measurements. All GTR/MAPE compounds showed highly elastic behaviour with elasticity increasing with GTR content. Tensile and elastic recovery values of HDPE/GTR compounds, with and without MAPE coupling agent, were significantly lower than those based on MAPE. High stability was observed for both MAPE and HDPE based compounds after thermal aging at 70dC. Thermal degradation was also characterised with respect to changes in melt viscosities.
650 ## - SUBJECT ADDED ENTRY--TOPICAL TERM
Topical Term Ground tire rubber
650 ## - SUBJECT ADDED ENTRY--TOPICAL TERM
Topical Term Maleic anhydride
650 ## - SUBJECT ADDED ENTRY--TOPICAL TERM
Topical Term Polyethylene
650 ## - SUBJECT ADDED ENTRY--TOPICAL TERM
Topical Term Recycling
650 ## - SUBJECT ADDED ENTRY--TOPICAL TERM
Topical Term Thermal stability
650 ## - SUBJECT ADDED ENTRY--TOPICAL TERM
Topical Term Thermoplastic elastomer
700 ## - ADDED ENTRY--PERSONAL NAME
Personal name Rodrigue D
942 ## - ADDED ENTRY ELEMENTS (KOHA)
Koha item type Journals
Holdings
Withdrawn status Lost status Damaged status Not for loan Home library Current library Shelving location Date acquired Serial Enumeration / chronology Koha item type
      Journals RRII Library RRII Library Rubber technology 27/08/2013 Volume 42, Issue 3 Journals